Foundations and Adult Health Nursing : (Record no. 11872)

MARC details
000 -LEADER
fixed length control field 00495nam a22001457a 4500
008 - FIXED-LENGTH DATA ELEMENTS--GENERAL INFORMATION
fixed length control field 230905b ||||| |||| 00| 0 eng d
020 ## - INTERNATIONAL STANDARD BOOK NUMBER
International Standard Book Number 9780323524599
082 ## - DEWEY DECIMAL CLASSIFICATION NUMBER
Edition number 8th ed.
Classification number WY100.1K9601s2019
100 ## - MAIN ENTRY--PERSONAL NAME
Personal name Kumagai, Candice.-
245 ## - TITLE STATEMENT
Title Foundations and Adult Health Nursing :
Remainder of title Study Guide Cooper and Gosnell /
Statement of responsibility, etc. Candice Kumagai
260 ## - PUBLICATION, DISTRIBUTION, ETC. (IMPRINT)
Place of publication, distribution, etc. U.S.A :
Name of publisher, distributor, etc. Elsevier,
Date of publication, distribution, etc. c2019.
300 ## - PHYSICAL DESCRIPTION
Extent v,383p.;
Other physical details ill.
Dimensions 27cm.
650 ## - SUBJECT ADDED ENTRY--TOPICAL TERM
Form subdivision Nursing
General subdivision Practical nursing
Chronological subdivision Nursing--Examinations
942 ## - ADDED ENTRY ELEMENTS (KOHA)
Source of classification or shelving scheme Dewey Decimal Classification
Koha item type Book
Holdings
Withdrawn status Lost status Source of classification or shelving scheme Damaged status Not for loan Home library Current library Date acquired Source of acquisition Inventory number Total Checkouts Full call number Barcode Date last seen Price effective from Koha item type
    Dewey Decimal Classification     Medical Library Medical Library 05/09/2023 donation (book aid) 0041844   WY100.1K9601s2019 FOM23090001 05/09/2023 05/09/2023 Book

Gulu University Library | Gulu University P.O. Box : 166 Gulu, Uganda
Tel : +256-(0) 4714-32924 or +256-(0) 4714-33988 or +256-(0) 4714-32094 / E-mail : library@gu.ac.ug